000 00558cam a22002053a 4500
001 41668
003 PGUSA
005 20140828083936.0
008 121220s2012||||xxu|||||s|||||000 | eng d
040 _aPGUSA
_beng
042 _adc
100 1 _aHasluck, Paul N.
245 1 0 _aRustic Carpentry
_h[electronic resource] /
_cPaul N. Hasluck
260 _bProject Gutenberg,
_c2012
506 _aPublic domain in the USA.
516 _aElectronic text
830 0 _aProject Gutenberg
_v41668
856 4 0 _uhttp://www.gutenberg.org/ebooks/41668
942 _cEB
999 _c270920
_d270920